书目信息 |
| 题名: |
高等代数学习指导书
|
|
| 作者: | 丘维声 编著 | |
| 分册: | 上 | |
| 出版信息: | 北京 清华大学出版社 2005.07 |
|
| 页数: | 512页 | |
| 开本: | 23cm | |
| 丛书名: | ||
| 单 册: | ||
| 中图分类: | O15-42 | |
| 科图分类: | ||
| 主题词: | 高等代数--gao deng dai shu--高等学校--自学参考资料 | |
| 电子资源: | ||
| ISBN: | 7-302-10975-3 | |
| 000 | 00917nam0 2200253 450 | |
| 001 | 0634048750 | |
| 005 | 20060428115435.87 | |
| 010 | @a7-302-10975-3@b上@dCNY39.00 | |
| 099 | @aCAL 012005087961 | |
| 100 | @a20050826g20059999em y0chiy0121 ea | |
| 101 | 0 | @achi |
| 102 | @aCN@b110000 | |
| 200 | 1 | @a高等代数学习指导书@Agao deng dai shu xue xi zhi dao shu@h上@f丘维声编著 |
| 210 | @a北京@c清华大学出版社@d2005.07 | |
| 215 | @a512页@d23cm | |
| 300 | @a“十五”国家级规划教材配套学习指导书 | |
| 303 | @a据上册著录 | |
| 320 | @a有书目。 | |
| 330 | @a本书每章节主体结构包括内容精华、典型例题、习题三部分,章末还有补充题。本书阐述了高等代数的理论,总结了高等代数中重要的典型题型及考研题型,提炼了解题的规律、方法和技巧。 | |
| 606 | 0 | @a高等代数@Agao deng dai shu@x高等学校@j自学参考资料 |
| 690 | @aO15-42@v4 | |
| 701 | 0 | @a丘维声@Aqiu wei sheng@4编著 |
| 801 | 0 | @aCN@bTSU@c20060428 |
| 905 | @a10447@dO15-42@eQ707:1 | |
| 高等代数学习指导书.上/丘维声编著.-北京:清华大学出版社,2005.07 |
| 512页;23cm |
| “十五”国家级规划教材配套学习指导书 |
| ISBN 7-302-10975-3(上):CNY39.00 |
| 本书每章节主体结构包括内容精华、典型例题、习题三部分,章末还有补充题。本书阐述了高等代数的理论,总结了高等代数中重要的典型题型及考研题型,提炼了解题的规律、方法和技巧。 |
| ● |
| 相关链接 |
|
|
|
正题名:高等代数学习指导书
索取号:O15-42/Q707:1
 
预约/预借
| 序号 | 登录号 | 条形码 | 馆藏地/架位号 | 状态 | 备注 |
| 1 | 601615 | 206016158 | 自科库401/401自科库 41排1列1层/ [索取号:O15-42/Q707:1] | 在馆 | |
| 2 | 601616 | 206016167 | 自科库401/401自科库 41排1列1层/ [索取号:O15-42/Q707:1] | 在馆 |